000 00305nam a2200109Ia 4500
008 220204s9999 xx 000 0 und d
082 _a57.085.23(083)
_bGEO.1
100 _aGeorge, E F
245 0 _aPlant tissue culture media. V 1. Formulations and uses
260 _aEngland
_bExegetics
_c1987
942 _cBK
999 _c39764
_d39764